| 000 | 01095njm a2200337 c 4500 | ||
|---|---|---|---|
| 003 | BLK | ||
| 005 | 20241211141549.0 | ||
| 008 | 180410b bul||n||s|||||||| n|bulo| | ||
| 010 | _aCDD00007544000 | ||
| 040 | _aBLK | ||
| 041 |
_aDEU _cDAN |
||
| 072 | 7 |
_2bullib _aН9901 _xНемска читалня - музика Н |
|
| 080 |
_aДруги видове песни. - Естрада, джаз. Стари градски. Рок-и попмузика. Чалга(поп-фолк) _b784.7 _x _z784.7 |
||
| 700 | 1 |
_aTocotronic _eизп. _926329 |
|
| 139 |
_aTocotronic _bT 67 |
||
| 245 | 1 | 0 |
_aWie wir leben wollen [CD аудио] _cизп. Tocotronic. |
| 257 | _aDEU | ||
| 260 |
_аS. l. _bUniversal Music _c2013 |
||
| 300 | _c12 cm. Stereo | ||
| 306 | _a69мин. 32сек. | ||
| 380 | _a7 | ||
| 650 | 7 |
_aРокмузика _2 _9169666 |
|
| 653 | _aрокмузика | ||
| 659 | _aФ | ||
| 852 |
_aЦб CD 3500 _p0 |
||
| 856 | 4 |
_qpdf _u |
|
| 856 | 4 |
_qpdf _u |
|
| 942 |
_cCDD _n0 |
||
| 944 |
_aCR _c02.10.2013 _k30560 _lГеновева Генчева |
||
| 944 |
_aED _c02.10.2013 _k |
||
| 999 |
_c226464 _d226464 |
||